000 00650nam a2200277Ia 4500
005 20260320195656.0
008 008 262003s9999 xx 000 0 hin d
020 _a9789360863067
037 _aEBOOK
040 _aCRL
040 _bhin
040 _cCRL
041 _2hin
041 _ahin
084 _qCRL
100 _aनिर्मल वर्मा
_91132745
245 0 _aलाल टीन की छत
250 _a3rd
260 _bRajkamal
260 _c2024
300 _a256
856 _uhttps://ebook.indiaread.in/pdfs/9789360863067.pdf
942 _cEBOOK
999 _c1715897
_d1715897